Quiz film La boum - Statistiques

Statistiques générales
  • Ce quiz a été pris 125 fois
  • Le résultat moyen est 9 sur 15
Statistiques - réponses
Questions Réponses % Correct
Quelle actrice joue le rôle de Vic ? Sophie Marceau
92%
Quel est le métier de son père ? Dentiste
89%
Comment s'appelle l'arrière-grand-mère de Vic ? Poupette
89%
Comment s'appelle le garçon qu'elle aime dans la Boum ? Mathieu
85%
Quel est le métier de sa mère ? Dessinatrice
75%
Qui est la meilleure amie de Vic ? Penelope
75%
Quel âge a Vic dans la boum 1 ? 13 ans
69%
De quel instrument de musique joue Poupette dans le film ? Harpe
66%
Quel est le titre de la chanson sur laquelle Vic et Mathieu dansent-ils ? Reality
64%
Comment s'appelle la mère de Vic ? Françoise
61%
Chez qui se passera la boum ? Raoul
46%
Que fait Vic pour rendre jaloux Matthieu à La Main Jaune ? Elle embrasse son père
35%
Avec qui Mathieu trompe-t-il Vic ? Lydia
18%
Quelle voiture conduit très mal la grand-mère dans le film ? Renault 5
16%
Qui va devenir l'amant de Françoise ? Eric
15%
Aucun quiz correspondant
Distribution des résultats
% des personnes avec chaque résultat
Percentile par nombre de réponses
Votre historique - résultats
Vous n’avez pas pris ce quiz